Calciatori con almeno 100 presenze in UEFA Champions League - Statistics

Statistiche generali
  • Questo quiz è stato fatto 479 volte
    104 dall'ultimo reset
  • Il punteggio medio è 36 su 59
Statistiche sulle risposte
Presenze Nazione Stagioni in Champions League Squadre Calciatore % Corretto
187 Portogallo 2002-2022 Sporting Lisbona, Manchester Utd, Real Madrid, Juventus Cristiano Ronaldo
100%
163 Argentina 2005-2023 Barcellona, Paris Saint-Germain Lionel Messi
100%
153 Croazia 2006- Dinamo Zagabria, Tottenham, Real Madrid Luka Modrić
96%
132 Italia 1997-2021 Parma, Juventus, Paris Saint-Germain Gianluigi Buffon
94%
139 Italia 1988-2008 Milan Paolo Maldini
90%
150 Germania 2008- Bayern Monaco, Real Madrid Toni Kroos
90%
132 Spagna 2002-2018 Barcellona Andrés Iniesta
89%
152 Germania 2007- Schalke 04, Bayern Monaco Manuel Neuer
89%
134 Polonia 2011- Borussia Dortmund, Bayern Monaco, Barcellona Robert Lewandowski
89%
157 Spagna 1999-2015 Barcellona Xavi
89%
128 Svezia 2001-2023 Ajax, Juventus, Inter, Barcellona, Milan, Paris Saint-Germain, Manchester Utd Zlatan Ibrahimović
89%
152 Francia 2006-2023 Olympique Lione, Real Madrid Karim Benzema
88%
164 Germania 2008-2025 Bayern Monaco Thomas Müller
87%
181 Spagna 1999-2019 Real Madrid, Porto Iker Casillas
84%
151 Galles 1993-2014 Manchester United Ryan Giggs
83%
123 Austria 2010- Bayern Monaco, Real Madrid David Alaba
78%
130 Spagna 2004-2022 Manchester United, Barcellona Gerard Piqué
76%
142 Spagna 2005-2024 Real Madrid, Paris Saint-Germain, Siviglia Sergio Ramos
76%
115 Italia 1998-2015 Inter, Milan, Juventus Andrea Pirlo
74%
129 Spagna 2008-2023 Barcellona Sergio Busquets
74%
117 Argentina 2007-2025 Benfica, Real Madrid, Paris Saint-Germain, Juventus Ángel Di María
73%
120 Spagna 1999-2014 Barcellona Carles Puyol
73%
122 Portogallo 2004-2024 Porto, Real Madrid, Beşiktaş Pepe
73%
131 Paesi Bassi 1994-2012 Ajax, Real Madrid, Inter, Milan Clarence Seedorf
72%
114 Germania 2002-2017 Stoccarda, Bayern Monaco Philipp Lahm
71%
105 Brasile 2009-2024 Milan, Paris Saint-Germain, Chelsea Thiago Silva
68%
114 Brasile 2007-2019 2021-2022 Siviglia, Barcellona, Juventus, Paris Saint-Germain Dani Alves
67%
105 Argentina 1998-2012 Inter Javier Zanetti
67%
113 Inghilterra 1994-2013 Manchester United, Real Madrid, Milan, Paris Saint-Germain David Beckham
65%
115 Francia 1997-2010 Monaco, Arsenal, Barcellona Thierry Henry
65%
107 Inghilterra 2003-2015 Chelsea, Manchester City Frank Lampard
62%
107 Portogallo 1997-2009 Barcellona, Real Madrid, Inter Luís Figo
60%
102 Brasile 2007-2022 Real Madrid Marcelo
59%
127 Spagna 2003-2017 Real Sociedad, Liverpool, Real Madrid, Bayern Monaco Xabi Alonso
57%
111 Paesi Bassi 2002-2019 PSV, Chelsea, Real Madrid, Bayern Monaco Arjen Robben
56%
130 Inghilterra 1994-2013 Manchester United Paul Scholes
56%
107 Brasile 2013- Paris Saint Germain Marquinhos
55%
111 Inghilterra 2003-2015 Chelsea John Terry
52%
107 Francia 2013- Real Sociedad, Atletico Madrid, Barcelona Antonie Griezmann
51%
111 Repubblica Ceca 2001-2017 Sparta Praga, Chelsea, Arsenal Petr Čech
51%
112 Spagna 2004-2021 Arsenal, Barcellona, Chelsea, Monaco Cesc Fàbregas
50%
116 Brasile 2005-2022 Šachtar, Manchester City Fernandinho
50%
107 Germania 2011- Borussia Dortmund, Manchester City, Barcelona, Galatasaray Ilkay Gundogan
50%
102 Spagna -2013 Atletico Madrid Koke
48%
111 Francia 2003-2017 Monaco, Manchester United, Juventus Patrice Evra
46%
128 Brasile 1997-2009 Real Madrid, Fenerbahçe Roberto Carlos
44%
110 Spagna 2002-2014 Barcellona, Manchester United Víctor Valdés
41%
108 Inghilterra 2000-2015 Arsenal, Chelsea, Roma Ashley Cole
40%
102 Portogallo -2014 Monaco, Manchester City Bernardo Silva
40%
144 Spagna 1995-2011 Real Madrid, Schalke 04 Raúl González Blanco
38%
105 Argentina 2011- Porto, Manchester City, Benfica Nicolas Otamendi
35%
116 Ucraina 1994-2012 Dinamo Kiev, Milan, Chelsea Andrij Ševčenko
32%
107 Germania 1994-2007 Bayern Monaco Oliver Kahn
32%
115 Inghilterra 1993-2011 Manchester United Gary Neville
30%
100 Paesi Bassi 1994-2011 Ajax, Juventus, Manchester United Edwin Van Der Sar
12%
101 Italia 1999-2012 Milan, Lazio Alessandro Nesta
11%
104 Spagna 1997-2010 Real Madrid, Monaco, Liverpool, Valencia, Olympique Marsiglia Fernando Morientes
9%
109 Ucraina 1994-2016 Dinamo Kiev Olexandr Shovkovskiy
1%
107 Norvegia 1989-2011 Rosenborg Roar Strand
1%
Nessun quiz corrispondente trovato
Distribuzione punteggi
Percentuale di utenti per punteggio
Percentile per numero di risposta
I tuoi punteggi nel tempo
Non hai fatto questo quiz dall'ultimo reset